|
|
|
|
| LEADER |
00760ncm a22002292a 4500 |
| 001 |
000976669 |
| 003 |
CZ BrMZK |
| 005 |
20110203140558.0 |
| 007 |
qu |
| 008 |
091110s1947 xr |||||||||||||||||cze d |
| 040 |
|
|
|a BOA001
|b cze
|
| 072 |
|
7 |
|a 784
|x Vokální hudba
|2 Konspekt
|9 9
|
| 100 |
1 |
|
|a Kopáček, Jaroslav,
|d 1905-1971
|7 xx0022511
|4 cmp
|
| 245 |
1 |
0 |
|a Na zelené louce
|h [hudebnina] :
|b polka /
|c Jaroslav Kopáček
|
| 260 |
|
|
|a Hudcov :
|b Jaroslav Kopáček,
|c [1947?]
|
| 300 |
|
|
|a [xix] l. ;
|c příč. 8°
|
| 490 |
1 |
|
|a Hudba dechová ;
|v seš. 1
|
| 830 |
|
0 |
|a Hudba dechová (J. Kopáček)
|
| 910 |
|
|
|a BOA001
|b Mus1-0200.426
|
| 990 |
|
|
|a MU
|
| 991 |
|
|
|b 200911
|
| 996 |
6 |
|
|b 2619354563
|c Mus1-0200.426
|l MZK
|r Sklad / do 1 hodiny
|n 0
|w 000976669
|u 000010
|a 1
|e BOA001
|j MZK50
|s P
|